000 00547nam a2200217Ia 4500
003 OSt
005 20220928144021.0
006 a|||||r|||| 00| 0
007 ta
008 220927b |||||||| |||| 00| 0 eng d
024 _a23538
037 _cTextual
040 _aSDCL
_cSDCL
_beng
041 _2eng
_aeng
082 _aQv, 15K5.2
100 _aKashyap Arjun chube Tr.
_9506340
245 0 _aDharmshastra ka itihas.
260 _c1965
942 _hQv, 15K5.2
_cTEXL
_2CC
999 _c825483
_d825483